000
00294nam a22001217a 4500
008
160519b xxu||||| |||| 00| 0 eng d
020
_a
9780073386577
020
_a
978007338657
041
_a
eng
080
_a
159.9
245
_a
The philosophical journy:
_c
William F. Lawhead;
942
_2
udc
_c
BK
999
_c
2235
_d
2235